000 00377 a2200121 4500
001 ART_18652
005 20260410161703.0
008 260409a
245 1 0 _aIVA. regimen de retención, de percepción y de pagos a cuenta (3º parte)
100 1 _aOklander, Juan
700 1 _aPerez, Carlos A.
773 0 _tRevista Impuestos
_g- Nº 2 (feb. 2011)
_wREV639
999 _c15346
_d15346